[Event "18.Open Seefeld"]
[Site "Seefeld / Oesterreich"]
[Date "2007.09.01"]
[Round "1"]
[White "Schnegg, Daniel"]
[Black "Mertens, Klaus"]
[Result "1/2-1/2"]
[WhiteElo "2018"]
[BlackElo "2090"]
[PlyCount "221"]
[EventDate "2007.09.01"]
[EventType "swiss"]
[EventRounds "9"]
[EventCountry "AUT"]

1. e4 c5 2. Nf3 e6 3. d4 cxd4 4. Nxd4 a6 5. Nc3 Qc7 6. Bd3 Nc6 7. Nxc6 dxc6 8.
O-O e5 9. Be3 Nf6 10. f3 b5 11. Qe2 Be7 12. Qf2 O-O 13. Bb6 Qb7 14. a4 Be6 15.
b3 b4 16. Nd1 Rac8 17. Be3 Nd7 18. Rb1 c5 19. Qe2 c4 20. bxc4 Qc6 21. Nb2 Bc5
22. Kh1 a5 23. Bxc5 Qxc5 24. Rfc1 Rb8 25. Rd1 Nb6 26. h3 Rfd8 27. Rdc1 g6 28.
Rd1 Rd4 29. Rbc1 Bd7 30. Ra1 Rd6 31. Qf1 Be6 32. Be2 Rxd1 33. Rxd1 Qc6 34. Bd3
Nd7 35. f4 f6 36. fxe5 fxe5 37. Qf2 Rf8 38. Qg3 Rf4 39. Qg5 Rf7 40. Qd8+ Kg7
41. Qxa5 Nc5 42. Qb5 Bd7 43. Re1 Be8 44. Qxb4 Nxa4 45. Nxa4 Qxa4 46. Qxa4 Bxa4
47. Ra1 Bc6 48. Ra6 Rf6 49. Ra7+ Rf7 50. Rxf7+ Kxf7 51. Kg1 Ke6 52. Kf2 Kd6 53.
Ke3 h6 54. Be2 Ba4 55. Kd3 Kc5 56. Bg4 g5 57. c3 Be8 58. Be6 Bg6 59. Bd5 Bh5
60. Kd2 Bg6 61. Kc2 Bh5 62. g3 Be2 63. Kd2 Bf3 64. h4 Bg4 65. Kd3 Bf3 66. Bb7
Bg4 67. Ba6 Bh5 68. Bb5 Bd1 69. Kd2 Bf3 70. Ke3 Bd1 71. Kd3 Bg4 72. Ba4 Be6 73.
Bb3 Bg4 74. Ke3 Bh5 75. Kd2 Bg4 76. Bc2 Be6 77. Bd3 Bg4 78. Kc2 Bf3 79. Kb3
Bd1+ 80. Ka3 Bg4 81. Ka4 Bd7+ 82. Ka5 Bc8 83. Be2 Bb7 84. Bf3 Bc8 85. Bh5 Kxc4
86. Kb6 Kxc3 87. Kc5 Bb7 88. hxg5 hxg5 89. Kd6 Kd4 90. Ke6 g4 91. Kf6 Bc8 92.
Bg6 Bd7 93. Bf5 Bc6 94. Bxg4 Bxe4 95. Bd1 Bd3 96. g4 e4 97. g5 e3 98. g6 Bc4
99. g7 Kc3 100. Bh5 Bg8 101. Bf7 e2 102. Bxg8 e1=Q 103. Bf7 Qf2+ 104. Kg6 Qg3+
105. Kf6 Qf4+ 106. Kg6 Qe4+ 107. Kf6 Qd4+ 108. Kg6 Qd6+ 109. Kf5 Qd7+ 110. Kf6
Qd6+ 111. Kf5 1/2-1/2

[Event "18.Open Seefeld"]
[Site "Seefeld / Oesterreich"]
[Date "2007.09.01"]
[Round "1"]
[White "Oettinger, Hagen"]
[Black "Nedelchev, Nikolai"]
[Result "1-0"]
[WhiteElo "2085"]
[BlackElo "1980"]
[PlyCount "59"]
[EventDate "2007.09.01"]
[EventType "swiss"]
[EventRounds "9"]
[EventCountry "AUT"]

1. d4 d5 2. Nf3 Nf6 3. g3 Bg4 4. Bg2 e6 5. O-O Bd6 6. c4 c6 7. Nc3 O-O 8. Qb3
Qc8 9. Bg5 Nbd7 10. Rac1 h6 11. Bxf6 Nxf6 12. Ne5 Bxe5 13. dxe5 Nd7 14. cxd5
exd5 15. f4 d4 16. Ne4 Bxe2 17. Nd6 Qc7 18. Rf2 d3 19. Qc3 Qb6 20. Be4 Qa6 21.
Nf5 g6 22. Ne7+ Kg7 23. f5 Rfe8 24. f6+ Kh7 25. e6 Nc5 26. Qxc5 d2 27. exf7
Red8 28. Bxg6+ Kh8 29. Rd1 Bxd1 30. Qe3 1-0

[Event "18.Open Seefeld"]
[Site "Seefeld / Oesterreich"]
[Date "2007.09.01"]
[Round "1"]
[White "Babinetz, Rainer"]
[Black "Mueller, Helmut"]
[Result "1-0"]
[WhiteElo "1971"]
[BlackElo "2077"]
[PlyCount "45"]
[EventDate "2007.09.01"]
[EventType "swiss"]
[EventRounds "9"]
[EventCountry "AUT"]

1. d4 Nf6 2. c4 g6 3. Nc3 Bg7 4. e4 d6 5. f4 Bg4 6. Nf3 Na6 7. Be2 c5 8. d5 Nc7
9. O-O a6 10. e5 Nd7 11. Ng5 Bxe2 12. Qxe2 dxe5 13. fxe5 Nxe5 14. Bf4 Nxc4 15.
Nxf7 Bd4+ 16. Kh1 Qd7 17. Nxh8 b5 18. Bxc7 Bxh8 19. d6 Nxd6 20. Bxd6 Qxd6 21.
Qf3 O-O-O 22. Ne4 Qc7 23. Nxc5 1-0

[Event "18.Open Seefeld"]
[Site "Seefeld / Oesterreich"]
[Date "2007.09.01"]
[Round "1"]
[White "Schmidt, Wolfgang"]
[Black "Schwammberger, Eugen"]
[Result "1/2-1/2"]
[WhiteElo "2071"]
[BlackElo "1964"]
[PlyCount "93"]
[EventDate "2007.09.01"]
[EventType "swiss"]
[EventRounds "9"]
[EventCountry "AUT"]

1. e4 c5 2. Nf3 g6 3. d4 Bg7 4. Nc3 cxd4 5. Nxd4 Nc6 6. Be3 Nf6 7. Bc4 O-O 8.
Bb3 d6 9. f3 Bd7 10. h4 Nxd4 11. Bxd4 h5 12. g4 Qa5 13. Qd2 Bc6 14. O-O-O Rac8
15. Kb1 Rfe8 16. g5 Nd7 17. Qf4 e6 18. Bxg7 Kxg7 19. Rxd6 Qe5 20. Qd2 Nb6 21.
Qd4 Qxd4 22. Rxd4 Red8 23. Rhd1 Rxd4 24. Rxd4 Nd7 25. f4 e5 26. Rd2 exf4 27.
Rf2 Re8 28. Rxf4 f5 29. Kc1 fxe4 30. Rf7+ Kh8 31. Bd5 Ne5 32. Bxc6 bxc6 33. Rf4
Nf3 34. Nxe4 Nd4 35. Kd1 Nf5 36. Nf6 Rd8+ 37. Ke1 Ne3 38. Re4 Nxc2+ 39. Kf2 Kg7
40. Re7+ Kf8 41. Rxa7 Rd2+ 42. Kf3 Ne1+ 43. Ke4 Rxb2 44. Ke5 Nf3+ 45. Ke6 Nd4+
46. Ke5 Nf3+ 47. Ke6 1/2-1/2

[Event "18.Open Seefeld"]
[Site "Seefeld / Oesterreich"]
[Date "2007.09.01"]
[Round "1"]
[White "Berkemeier, Juergen"]
[Black "Niedermair, Hannes"]
[Result "0-1"]
[WhiteElo "1917"]
[BlackElo "2069"]
[PlyCount "108"]
[EventDate "2007.09.01"]
[EventType "swiss"]
[EventRounds "9"]
[EventCountry "AUT"]

1. e4 d6 2. d4 Nf6 3. Nc3 g6 4. f4 Bg7 5. Be2 O-O 6. Be3 Nbd7 7. e5 Ne8 8. Nf3
c6 9. Qd2 Nc7 10. Rd1 Nb6 11. O-O Be6 12. Qe1 Nc4 13. Bc1 b5 14. Ng5 Bf5 15.
Bd3 Bxd3 16. Rxd3 f6 17. exf6 exf6 18. Ne6 Nxe6 19. Qxe6+ Kh8 20. b3 Re8 21.
Qh3 Nb6 22. f5 g5 23. Qh5 b4 24. Nd1 Re4 25. Rh3 h6 26. Bxg5 fxg5 27. f6 Qg8
28. fxg7+ Qxg7 29. Qxh6+ Qxh6 30. Rxh6+ Kg7 31. Rxd6 Rc8 32. c4 Re2 33. c5 Nd5
34. Rd7+ Kg6 35. Rxa7 Nf4 36. Nf2 Rd2 37. g3 Ne2+ 38. Kg2 Nc3 39. Re1 Rf8 40.
Re6+ Kf5 41. Rxc6 Ne4 42. Kf3 Rxf2+ 43. Ke3 g4 44. Re7 Rf3+ 45. Ke2 Nf6 46. h3
Rxg3 47. hxg4+ Nxg4 48. Rb6 Ra8 49. Rf7+ Ke4 50. Re7+ Kxd4 51. Rxb4+ Kxc5 52.
Rc4+ Kd6 53. Rec7 Rxa2+ 54. Rc2 Rg2+ 0-1

[Event "18.Open Seefeld"]
[Site "Seefeld / Oesterreich"]
[Date "2007.09.01"]
[Round "1"]
[White "Shahin, Walid"]
[Black "Schnegg, Martin"]
[Result "1-0"]
[WhiteElo "2068"]
[BlackElo "1904"]
[PlyCount "71"]
[EventDate "2007.09.01"]
[EventType "swiss"]
[EventRounds "9"]
[EventCountry "AUT"]

1. d4 d5 2. Nf3 Nf6 3. c4 c6 4. e3 e6 5. Nc3 Nbd7 6. Qc2 Bd6 7. b3 O-O 8. Bb2
Re8 9. O-O-O Qe7 10. e4 dxe4 11. Nxe4 Nxe4 12. Qxe4 Nf6 13. Qh4 Ba3 14. Bd3 a5
15. Ng5 g6 16. Ne4 Nxe4 17. Qxe7 Bxb2+ 18. Kxb2 Rxe7 19. Bxe4 f5 20. Bf3 e5 21.
dxe5 Rxe5 22. Rd8+ Kf7 23. Kc3 Re8 24. Rxe8 Kxe8 25. h3 c5 26. Re1+ Kd7 27. Re5
Rb8 28. Rd5+ Ke6 29. Rxc5 b6 30. Rc7 h5 31. Rc6+ Kf7 32. Bd5+ Kg7 33. f4 Kh7
34. Rc7+ Kh6 35. h4 Ba6 36. Ra7 1-0

[Event "18.Open Seefeld"]
[Site "Seefeld / Oesterreich"]
[Date "2007.09.01"]
[Round "1"]
[White "Glanznig, Mario"]
[Black "Allgaier, Erik"]
[Result "1/2-1/2"]
[WhiteElo "1885"]
[BlackElo "2060"]
[PlyCount "123"]
[EventDate "2007.09.01"]
[EventType "swiss"]
[EventRounds "9"]
[EventCountry "AUT"]

1. Nf3 d6 2. c4 g6 3. Nc3 Bg7 4. g3 e5 5. Bg2 Nc6 6. Rb1 Bf5 7. d3 Qd7 8. h3 h6
9. b4 Nf6 10. Nd2 O-O 11. b5 Nd8 12. e4 Be6 13. Nf3 b6 14. Nd5 Kh7 15. Be3 Ng8
16. d4 c6 17. bxc6 Nxc6 18. Nxb6 axb6 19. d5 Na5 20. Nd2 Qc8 21. dxe6 Qxe6 22.
Rxb6 Nxc4 23. Nxc4 Qxc4 24. Qb3 Qxb3 25. axb3 Rfb8 26. b4 Ra1+ 27. Ke2 Ra2+ 28.
Kf3 Rxb6 29. Bxb6 Rb2 30. Ba5 f5 31. Ke3 Rb3+ 32. Kd2 Rb2+ 33. Kc3 Rxf2 34. Rg1
Ne7 35. b5 fxe4 36. Bxe4 d5 37. Bc2 e4+ 38. Kb3 e3 39. Bd3 Be5 40. g4 Rb2+ 41.
Ka3 Rh2 42. Bd8 Bd6+ 43. Kb3 Rxh3 44. Bb6 Bh2 45. Re1 Bf4 46. Bc5 Nc8 47. Kb4
Nd6 48. Ra1 Rg3 49. Ra7+ Kg8 50. Ra6 Rxg4 51. Kb3 Ne4 52. Bd4 Nf2 53. Be2 Rg3
54. b6 h5 55. b7 h4 56. Ra8+ Kf7 57. b8=Q Bxb8 58. Rxb8 h3 59. Rh8 Ne4 60. Bd3
h2 61. Rh7+ Ke6 62. Be2 1/2-1/2

[Event "18.Open Seefeld"]
[Site "Seefeld / Oesterreich"]
[Date "2007.09.01"]
[Round "1"]
[White "Hofer, Franz"]
[Black "Matt, Stefan"]
[Result "1/2-1/2"]
[WhiteElo "2051"]
[BlackElo "1875"]
[PlyCount "47"]
[EventDate "2007.09.01"]
[EventType "swiss"]
[EventRounds "9"]
[EventCountry "AUT"]

1. c4 f5 2. g3 Nf6 3. Bg2 g6 4. Nc3 Bg7 5. d3 O-O 6. e4 fxe4 7. dxe4 d6 8. Nge2
Nc6 9. O-O e5 10. Nd5 Ne7 11. Nec3 c6 12. Nxf6+ Bxf6 13. Bh6 Bg7 14. Bxg7 Kxg7
15. Qd3 Be6 16. Rad1 Nc8 17. c5 Qf6 18. cxd6 Rd8 19. d7 Nb6 20. b3 Rxd7 21. Qf3
Qxf3 22. Bxf3 Rad8 23. Rxd7+ Rxd7 24. Rd1 1/2-1/2

[Event "18.Open Seefeld"]
[Site "Seefeld / Oesterreich"]
[Date "2007.09.01"]
[Round "1"]
[White "Eiter, Meinhard"]
[Black "Pieper, Harald"]
[Result "1/2-1/2"]
[WhiteElo "1845"]
[BlackElo "2043"]
[PlyCount "58"]
[EventDate "2007.09.01"]
[EventType "swiss"]
[EventRounds "9"]
[EventCountry "AUT"]

1. d4 d5 2. Nc3 Bf5 3. Bf4 c6 4. Nf3 e6 5. e3 Nf6 6. Be2 Nbd7 7. O-O Ne4 8.
Nxe4 Bxe4 9. Ng5 Bg6 10. Bh5 Be7 11. Nh3 Nf6 12. Bxg6 hxg6 13. Bg5 Qc7 14. Bxf6
gxf6 15. f4 f5 16. Qf3 O-O-O 17. b3 Kb8 18. c4 Rdg8 19. cxd5 exd5 20. Nf2 g5
21. Nd3 g4 22. Qd1 Rg7 23. g3 Rgh7 24. Rf2 Bd6 25. b4 Qe7 26. Qd2 Re8 27. Re2
Rh6 28. a4 Re6 29. Rae1 Ka8 1/2-1/2

[Event "18.Open Seefeld"]
[Site "Seefeld / Oesterreich"]
[Date "2007.09.01"]
[Round "1"]
[White "Gheri, Harald"]
[Black "Aigner, Georg"]
[Result "0-1"]
[WhiteElo "1748"]
[BlackElo "2033"]
[PlyCount "110"]
[EventDate "2007.09.01"]
[EventType "swiss"]
[EventRounds "9"]
[EventCountry "AUT"]

1. d4 d5 2. Bf4 Nf6 3. Nf3 e6 4. c3 c5 5. e3 Nc6 6. Nbd2 Be7 7. Qc2 Nh5 8. Bg3
Bd7 9. Be2 Nxg3 10. hxg3 h6 11. a3 Qc7 12. Nb3 c4 13. Nbd2 e5 14. dxe5 Nxe5 15.
Nxe5 Qxe5 16. Nf3 Qf6 17. Qd2 Be6 18. Nd4 O-O 19. Bf3 Bc5 20. O-O Bxd4 21. Qxd4
Qxd4 22. exd4 Rfd8 23. Rfe1 Kf8 24. Re5 Ke7 25. Rae1 Kd6 26. Bd1 Rac8 27. f4
Bd7 28. Bf3 Bc6 29. Re7 Rc7 30. R7e5 Rdd7 31. Kf2 Re7 32. Bg4 Rxe5 33. fxe5+
Ke7 34. Ke3 Bd7 35. Bf3 Be6 36. Kf4 Kd7 37. g4 Kc6 38. g5 hxg5+ 39. Kxg5 b5 40.
Bg4 a5 41. Bxe6 fxe6 42. Kg6 b4 43. axb4 axb4 44. Rf1 Ra7 45. g4 Ra2 46. Kxg7
Rxb2 47. g5 bxc3 48. g6 Rd2 49. Kf7 Rxd4 50. Rg1 c2 51. Rc1 Rg4 52. g7 d4 53.
Rxc2 Kd5 54. g8=Q Rxg8 55. Kxg8 d3 0-1

[Event "18.Open Seefeld"]
[Site "Seefeld / Oesterreich"]
[Date "2007.09.01"]
[Round "1"]
[White "Moes, Waldemar"]
[Black "Dalnodar, Bernhard"]
[Result "1-0"]
[WhiteElo "2024"]
[BlackElo "1709"]
[PlyCount "85"]
[EventDate "2007.09.01"]
[EventType "swiss"]
[EventRounds "9"]
[EventCountry "AUT"]

1. d4 Nf6 2. Nf3 g6 3. Bg5 Bg7 4. Nbd2 d6 5. e4 O-O 6. c3 Nbd7 7. Be2 e5 8.
dxe5 dxe5 9. O-O Qe7 10. Qc2 b6 11. Rfe1 Bb7 12. Bf1 h6 13. Bh4 g5 14. Bg3 Nh5
15. Nc4 Nf4 16. Ne3 Rac8 17. Nf5 Qf6 18. Nd2 h5 19. f3 Rcd8 20. Bf2 Bc8 21. Nc4
Nb8 22. Nce3 Bxf5 23. Nxf5 Nc6 24. Qa4 a5 25. Qxc6 Qxc6 26. Ne7+ Kh7 27. Nxc6
Rd6 28. Bb5 Rg6 29. Rad1 g4 30. Ne7 Re6 31. Nf5 Rg6 32. fxg4 Rxg4 33. g3 Bf6
34. Kf1 Nh3 35. Kg2 Nf4+ 36. Kf3 Nh3 37. Be3 Bg5 38. Bf1 Nf4 39. gxf4 Bxf4 40.
Bh3 Rg6 41. Bxf4 exf4 42. Kxf4 b5 43. Rd7 1-0

[Event "18.Open Seefeld"]
[Site "Seefeld / Oesterreich"]
[Date "2007.09.01"]
[Round "1"]
[White "Staninski, Borislav"]
[Black "Kreusch, Frank"]
[Result "0-1"]
[WhiteElo "1663"]
[BlackElo "2022"]
[PlyCount "56"]
[EventDate "2007.09.01"]
[EventType "swiss"]
[EventRounds "9"]
[EventCountry "AUT"]

1. e4 d5 2. exd5 Nf6 3. Nc3 Nxd5 4. Nxd5 Qxd5 5. d4 Nc6 6. c3 Bf5 7. Nf3 O-O-O
8. Be2 f6 9. O-O g5 10. c4 Qf7 11. d5 e6 12. Nd4 Nxd4 13. Qxd4 b6 14. Rd1 Bc5
15. Qc3 Rhe8 16. b4 Bd6 17. c5 Be5 18. Qa3 Kb8 19. c6 exd5 20. Bd3 Qh5 21. Bf4
Bxf4 22. g3 Bxg3 23. hxg3 Qf3 24. Qa6 Bc8 25. Qb5 h5 26. Bf1 h4 27. Rd3 Qf5 28.
Qa4 hxg3 0-1

[Event "18.Open Seefeld"]
[Site "Seefeld / Oesterreich"]
[Date "2007.09.01"]
[Round "1"]
[White "Klein, Gereon"]
[Black "Safdar, Mahmood"]
[Result "1-0"]
[WhiteElo "2009"]
[BlackElo "1660"]
[PlyCount "82"]
[EventDate "2007.09.01"]
[EventType "swiss"]
[EventRounds "9"]
[EventCountry "AUT"]

1. Nf3 d5 2. d4 f5 3. g3 Nf6 4. Bg2 e6 5. O-O Nc6 6. b3 Be7 7. c4 O-O 8. Bb2
Ne4 9. Nbd2 b6 10. Rc1 Bd6 11. cxd5 Ne7 12. Nxe4 fxe4 13. Ne5 exd5 14. f3 exf3
15. exf3 Bb7 16. Re1 Bxe5 17. dxe5 c5 18. f4 Rb8 19. Qg4 d4 20. Bxb7 Rxb7 21.
e6 Nf5 22. Re5 Ne3 23. Qf3 Qb8 24. Qe4 Re7 25. Re1 Qa8 26. Qxa8 Rxa8 27. Bc1
Ng4 28. Rd5 Rae8 29. Rd6 g6 30. h3 Nh6 31. g4 Kg7 32. Kf2 Ng8 33. g5 Rc7 34. f5
gxf5 35. Bf4 Rb7 36. Be5+ Kg6 37. h4 Kh5 38. Bf6 Kg4 39. Rd7 Reb8 40. Rxb7 Rxb7
41. e7 Rb8 1-0

[Event "18.Open Seefeld"]
[Site "Seefeld / Oesterreich"]
[Date "2007.09.01"]
[Round "1"]
[White "Stuch, Hans-Ferdinand"]
[Black "Willin, Bernhard"]
[Result "1-0"]
[WhiteElo "1602"]
[BlackElo "2002"]
[PlyCount "63"]
[EventDate "2007.09.01"]
[EventType "swiss"]
[EventRounds "9"]
[EventCountry "AUT"]

1. d4 Nf6 2. c4 e6 3. Nf3 b6 4. a3 Bb7 5. Nc3 Be7 6. d5 O-O 7. e4 Re8 8. e5
exd5 9. exf6 Bxf6+ 10. Be3 dxc4 11. Bxc4 Bxc3+ 12. bxc3 Qf6 13. Qd4 Qf5 14. O-O
Be4 15. Rad1 d6 16. Ng5 Nc6 17. Nxf7 Nxd4 18. Nxd6+ Kf8 19. Nxf5 Nxf5 20. Bf4
g6 21. g4 Nh4 22. Bh6+ Ke7 23. Bg5+ Kf8 24. Bxh4 Bf3 25. Bg5 Re4 26. Bh6+ Ke7
27. Rfe1 Rxe1+ 28. Rxe1+ Kd6 29. h3 c5 30. Bf4+ Kd7 31. Bb5+ Bc6 32. Rd1+ 1-0

[Event "18.Open Seefeld"]
[Site "Seefeld / Oesterreich"]
[Date "2007.09.01"]
[Round "1"]
[White "Huettemann, Ralf"]
[Black "Loew, Bernd"]
[Result "1-0"]
[WhiteElo "1998"]
[BlackElo "1601"]
[PlyCount "63"]
[EventDate "2007.09.01"]
[EventType "swiss"]
[EventRounds "9"]
[EventCountry "AUT"]

1. e4 b6 2. d4 Bb7 3. Bd3 Nf6 4. Qe2 e6 5. Nh3 c5 6. O-O cxd4 7. c3 Nc6 8. f4
Qc7 9. a4 dxc3 10. Nxc3 Nd4 11. Qd1 Bc5 12. Kh1 Qc6 13. Re1 Qc7 14. Be3 a6 15.
Rc1 Nc6 16. Bxc5 bxc5 17. e5 Ng8 18. Ne4 Nh6 19. Nd6+ Kf8 20. Rxc5 Qb6 21. Qc1
Rb8 22. Rc3 Ba8 23. b3 Ke7 24. Nc4 Qa7 25. f5 exf5 26. Qg5+ Kf8 27. Bxf5 Nxf5
28. Qxf5 Re8 29. Nd6 Re7 30. Ng5 f6 31. Nxh7+ Kg8 32. Nxf6+ 1-0

[Event "18.Open Seefeld"]
[Site "Seefeld / Oesterreich"]
[Date "2007.09.01"]
[Round "1"]
[White "Verwer, Renzo"]
[Black "Schulze, Joachim"]
[Result "0-1"]
[WhiteElo "1600"]
[BlackElo "1996"]
[PlyCount "51"]
[EventDate "2007.09.01"]
[EventType "swiss"]
[EventRounds "9"]
[EventCountry "AUT"]

1. e4 c6 2. d4 d5 3. Nc3 dxe4 4. Nxe4 Bf5 5. Ng5 e6 6. Bc4 Nf6 7. N1f3 Nbd7 8.
Nh4 Be7 9. O-O Bg6 10. Bxe6 fxe6 11. Nxe6 Qa5 12. Nxg7+ Kf7 13. Re1 Ne4 14.
Nxg6 hxg6 15. Rxe4 Bf6 16. Qg4 Nf8 17. Ne6 Rh4 18. Qf3 Nxe6 19. g4 Rah8 20. b4
Qd5 21. c4 Qd6 22. Rf4 Nxf4 23. Bxf4 Qd7 24. Bg3 Qxg4 25. Qg2 R4h5 26. Rd1 0-1

[Event "18.Open Seefeld"]
[Site "Seefeld / Oesterreich"]
[Date "2007.09.01"]
[Round "1"]
[White "Becking, Franz Josef"]
[Black "Rampler, Evely"]
[Result "1-0"]
[WhiteElo "2049"]
[BlackElo "1588"]
[PlyCount "105"]
[EventDate "2007.09.01"]
[EventType "swiss"]
[EventRounds "9"]
[EventCountry "AUT"]

1. d4 Nf6 2. Nf3 g6 3. Nc3 d5 4. Bg5 Bg7 5. Qd2 Ne4 6. Qe3 Nxg5 7. Qxg5 Bf5 8.
Qd2 Nc6 9. e3 O-O 10. Bd3 Qd7 11. O-O Rad8 12. Rad1 a6 13. a3 Bg4 14. Be2 Rfe8
15. Rfe1 Qc8 16. Na4 e5 17. Nxe5 Nxe5 18. dxe5 Bxe5 19. Bxg4 Qxg4 20. Nc3 c6
21. Qe2 Qh4 22. g3 Qf6 23. Qd3 Qe6 24. b3 h5 25. Ne2 h4 26. Nd4 Qf6 27. Qe2 Kg7
28. Nf3 Bc3 29. Rf1 Re4 30. Nxh4 Rh8 31. Ng2 Qf5 32. f3 Re5 33. Qd3 Bb2 34.
Qxf5 Rxf5 35. a4 Rfh5 36. h4 Be5 37. Kf2 Bc7 38. Rfe1 g5 39. g4 Rxh4 40. Nxh4
gxh4 41. f4 Kg6 42. Rh1 Kf6 43. Rh3 Ke6 44. Rdh1 Bd8 45. g5 Kf5 46. Rxh4 Rxh4
47. Rxh4 f6 48. gxf6 Bxf6 49. Rh7 Ke4 50. Rxb7 d4 51. exd4 Bxd4+ 52. Kg3 Kd5
53. Rd7+ 1-0

[Event "18.Open Seefeld"]
[Site "Seefeld / Oesterreich"]
[Date "2007.09.01"]
[Round "1"]
[White "Diakov, Georgi"]
[Black "Wittelsberger, Helmut"]
[Result "0-1"]
[WhiteElo "1422"]
[BlackElo "1996"]
[PlyCount "74"]
[EventDate "2007.09.01"]
[EventType "swiss"]
[EventRounds "9"]
[EventCountry "AUT"]

1. e4 c5 2. Nf3 d6 3. d4 cxd4 4. Nxd4 Nf6 5. Nc3 g6 6. Be3 Bg7 7. f4 Nc6 8. h3
Bd7 9. Bd3 Qa5 10. Qe2 a6 11. Nb3 Qc7 12. O-O-O b5 13. g4 Be6 14. Nd4 Bd7 15.
Rhf1 Nxd4 16. Bxd4 O-O 17. f5 e6 18. fxe6 fxe6 19. g5 Nh5 20. Rxf8+ Rxf8 21.
Bxg7 Kxg7 22. Qe3 Bc6 23. Ne2 e5 24. h4 Nf4 25. Nxf4 Rxf4 26. Rh1 Qb7 27. h5
Bxe4 28. Bxe4 Qxe4 29. Qxe4 Rxe4 30. hxg6 Kxg6 31. Rh6+ Kxg5 32. Rxh7 Rd4 33.
Ra7 e4 34. Rxa6 e3 35. Ra3 Kf4 36. Rd3 Rxd3 37. cxd3 Kf3 0-1

[Event "18.Open Seefeld"]
[Site "Seefeld / Oesterreich"]
[Date "2007.09.01"]
[Round "1"]
[White "Frank, Albert"]
[Black "Senn, Othmar"]
[Result "1-0"]
[WhiteElo "1994"]
[BlackElo "1419"]
[PlyCount "115"]
[EventDate "2007.09.01"]
[EventType "swiss"]
[EventRounds "9"]
[EventCountry "AUT"]

1. e4 d5 2. exd5 Nf6 3. Bb5+ Bd7 4. Bc4 Bg4 5. f3 Bf5 6. Nc3 Nbd7 7. Nge2 Nb6
8. Bb5+ Bd7 9. Bd3 Nbxd5 10. O-O e6 11. Nxd5 exd5 12. Re1 Be7 13. c3 c6 14. Bc2
O-O 15. d4 Bd6 16. Qd3 g6 17. Bg5 Bf5 18. Qd2 Bxc2 19. Qxc2 Re8 20. Qd2 Re6 21.
Nf4 Bxf4 22. Qxf4 Nh5 23. Qh4 Qd7 24. Rxe6 Qxe6 25. Re1 Qd7 26. g4 Ng7 27. Re7
Qc8 28. Bh6 Qf8 29. Rxb7 c5 30. Qf6 cxd4 31. Qxd4 Ne6 32. Bxf8 Nxd4 33. cxd4
Kxf8 34. Rd7 Rb8 35. b3 Rb5 36. Rxa7 Rb4 37. Ra4 Rb5 38. Kf2 Ke7 39. Ke3 Rb6
40. Kd3 Rf6 41. Ra7+ Ke8 42. Ke3 g5 43. b4 Rh6 44. b5 Rxh2 45. b6 Kd8 46. Rxf7
Kc8 47. a4 Ra2 48. Ra7 Ra3+ 49. Kf2 Ra2+ 50. Kg3 h6 51. a5 Rb2 52. Rc7+ Kb8 53.
Rc5 Kb7 54. Rxd5 Kc6 55. Rc5+ Kd6 56. Rc4 Kd5 57. Ra4 Kc6 58. a6 1-0

[Event "18.Open Seefeld"]
[Site "Seefeld / Oesterreich"]
[Date "2007.09.01"]
[Round "1"]
[White "Breedveld, Carmen"]
[Black "Schett, Franz"]
[Result "0-1"]
[WhiteElo "1289"]
[BlackElo "1994"]
[PlyCount "88"]
[EventDate "2007.09.01"]
[EventType "swiss"]
[EventRounds "9"]
[EventCountry "AUT"]

1. b3 e6 2. Bb2 Nf6 3. Nf3 c5 4. e3 Nc6 5. Bb5 a6 6. Be2 b5 7. O-O Be7 8. a3
O-O 9. Nc3 d5 10. Bd3 e5 11. e4 d4 12. Ne2 Be6 13. c4 bxc4 14. bxc4 Qc7 15. h3
Nh5 16. Ng3 Nf4 17. Be2 d3 18. Bxd3 Nxd3 19. Bc3 Bxc4 20. Qa4 Bb5 21. Qc2 Nf4
22. Rfe1 Bd3 23. Qb2 Nd4 24. Re3 f6 25. Kh2 Rab8 26. Qa2+ Kh8 27. Ne1 c4 28.
Bb4 Bc5 29. Kh1 a5 30. Bxc5 Qxc5 31. Nxd3 Nxd3 32. Rb1 Nxf2+ 33. Kh2 Rxb1 34.
Qxb1 Nd3 35. a4 Rd8 36. Nh5 Nb3 37. Qd1 Nf4 38. Rg3 Ng6 39. d3 Qd4 40. Qf1 Nd2
41. Qe2 c3 42. Qd1 Qf2 43. Rg4 Rxd3 44. Kh1 Re3 0-1

[Event "18.Open Seefeld"]
[Site "Seefeld / Oesterreich"]
[Date "2007.09.01"]
[Round "1"]
[White "Wiesbeck, Florian"]
[Black "Ewanno, Georg"]
[Result "1-0"]
[WhiteElo "1990"]
[BlackElo "1250"]
[PlyCount "67"]
[EventDate "2007.09.01"]
[EventType "swiss"]
[EventRounds "9"]
[EventCountry "AUT"]

1. d4 d5 2. c4 Nf6 3. Nc3 e6 4. Bg5 Bb4 5. e3 b6 6. cxd5 Bxc3+ 7. bxc3 O-O 8.
dxe6 Bxe6 9. Nf3 Nbd7 10. Bd3 Qe8 11. O-O c6 12. Re1 Qc8 13. e4 h6 14. Bd2 Nh7
15. Qc2 Bg4 16. Re3 Bxf3 17. Rxf3 Ng5 18. Rg3 Nf6 19. Bxg5 hxg5 20. Rxg5 Ng4
21. e5 Re8 22. Bf5 Qd8 23. Rxg4 Qd5 24. Qd3 Kf8 25. Be4 Qd7 26. Qf3 Re6 27. Bf5
Qd5 28. Qxd5 cxd5 29. Bxe6 fxe6 30. a4 Rc8 31. Rg3 Kf7 32. a5 g6 33. axb6 axb6
34. Ra7+ 1-0

[Event "18.Open Seefeld"]
[Site "Seefeld / Oesterreich"]
[Date "2007.09.01"]
[Round "1"]
[White "Noettger, Eckard"]
[Black "Gatterer, Matthias"]
[Result "0-1"]
[WhiteElo "1983"]
[BlackElo "1973"]
[PlyCount "124"]
[EventDate "2007.09.01"]
[EventType "swiss"]
[EventRounds "9"]
[EventCountry "AUT"]

1. d4 d5 2. Nf3 Nf6 3. e3 c5 4. c3 Nbd7 5. Bd3 Qc7 6. Nbd2 g6 7. O-O Bg7 8. e4
dxe4 9. Nxe4 cxd4 10. Nxd4 Nxe4 11. Bxe4 Nc5 12. Bc2 O-O 13. Be3 a6 14. Qf3 Bd7
15. Rad1 e5 16. Nb3 Bc6 17. Qg3 Ne6 18. f3 Rad8 19. Qf2 Rxd1 20. Rxd1 Rd8 21.
Rxd8+ Qxd8 22. Qd2 Qxd2 23. Nxd2 b5 24. Be4 Bxe4 25. Nxe4 f5 26. Nc5 Nxc5 27.
Bxc5 Kf7 28. Kf2 Ke6 29. Bb4 Kd5 30. Ke2 e4 31. b3 h5 32. Ba5 Bh6 33. Bb6 Bf4
34. h3 Be5 35. Ba5 g5 36. Bb4 exf3+ 37. Kxf3 g4+ 38. Kf2 Ke4 39. hxg4 fxg4 40.
c4 bxc4 41. bxc4 Kd4 42. c5 Kd5 43. Ke3 h4 44. Be1 h3 45. gxh3 gxh3 46. Kf3 h2
47. Kg2 Kxc5 48. Bd2 Kc4 49. Ba5 Kd3 50. Bb4 Kc2 51. Kh1 Kb2 52. a3 Kb3 53. Kg2
Ka4 54. Kh1 Bb2 55. Kxh2 Bxa3 56. Bc3 Kb5 57. Kg2 Bb4 58. Bb2 Kc4 59. Kf3 Kd3
60. Be5 a5 61. Bb2 a4 62. Kf2 Kc2 0-1

[Event "18.Open Seefeld"]
[Site "Seefeld / Oesterreich"]
[Date "2007.09.01"]
[Round "1"]
[White "Gruber, Michael"]
[Black "Scheidt, Eugen"]
[Result "1-0"]
[WhiteElo "2160"]
[BlackElo "1981"]
[PlyCount "81"]
[EventDate "2007.09.01"]
[EventType "swiss"]
[EventRounds "9"]
[EventCountry "AUT"]

1. e4 c5 2. Nf3 d6 3. d4 cxd4 4. Nxd4 Nf6 5. Nc3 a6 6. Be2 e5 7. Nb3 Be6 8. Be3
Be7 9. O-O Nbd7 10. a4 b6 11. f3 Qc7 12. Nd5 Nxd5 13. exd5 Bf5 14. c4 Nc5 15.
a5 O-O 16. axb6 Qxb6 17. Nxc5 dxc5 18. Bd3 Bxd3 19. Qxd3 a5 20. Ra3 Rfb8 21. b3
Bd6 22. Bd2 h6 23. Rfa1 Ra6 24. Bxa5 Qb7 25. Bd2 Rxa3 26. Rxa3 Ra8 27. Rxa8+
Qxa8 28. Qb1 Qa3 29. Bc3 Kf8 30. Qb2 Qxb2 31. Bxb2 Ke7 32. Kf2 f6 33. Ke3 g6
34. Kd3 f5 35. Kc3 g5 36. Ba3 Kd7 37. b4 cxb4+ 38. Bxb4 Bxb4+ 39. Kxb4 Kd6 40.
Kc3 Kc5 41. g4 1-0

[Event "18.Open Seefeld"]
[Site "Seefeld / Oesterreich"]
[Date "2007.09.01"]
[Round "1"]
[White "Maurer, Rainer"]
[Black "Michel, Jan"]
[Result "1-0"]
[WhiteElo "2117"]
[BlackElo "1450"]
[PlyCount "55"]
[EventDate "2007.09.01"]
[EventType "swiss"]
[EventRounds "9"]
[EventCountry "AUT"]

1. d4 d5 2. Nf3 Nf6 3. Bf4 Nc6 4. e3 a6 5. c4 e6 6. Nc3 Be7 7. Bd3 Bd7 8. Rc1
dxc4 9. Bxc4 b5 10. Bd3 Rc8 11. O-O h6 12. Qe2 Nb4 13. Bb1 c6 14. e4 c5 15.
Rfd1 O-O 16. a3 Nc6 17. d5 Nh5 18. Be3 Nb8 19. d6 Bg5 20. Nxg5 Nf6 21. e5 Ne8
22. Nge4 Nc6 23. Qh5 Na5 24. Bxh6 g6 25. Qh3 Nb3 26. Bxf8 Nxc1 27. Be7 Qb6 28.
Ng5 1-0